تاريخ البعثات المصرية إلى أوروبا : (Record no. 24998)
[ view plain ]
| 000 -الفاتح | |
|---|---|
| حقل البيانات ثابتة الطول | 01095nam a22002775a 4500 |
| 003 - محدد رقم الضبط | |
| رقم الضبط | OSt |
| 005 - وقت وتاريخ اخر تعامل مع التسجيلة | |
| رقم الضبط | 20170709105252.0 |
| 008 - عناصر البيانات ثابتة الطول - معلومات عامة | |
| حقل البيانات ثابتة الطول | 170709s2010 ua bo grb 000 0 ara d |
| 017 ## - رقم الإيداع القانونى | |
| رقم الإيداع القانونى | 2010 / 1617 |
| 020 ## - الرقم الدولى المعيارى للكتب | |
| الرقم الدولى المعيارى للكتاب | 9772088398 |
| 040 ## - مصدر الفهرسة | |
| وكالة الفهرسة الأصلية | EG-ScBUE |
| لغة الفهرسة | ara |
| وكالة النسخ | EG-ScBUE |
| 043 ## - رمز المنطقة الجغرافية | |
| رمز المنطقة الجغرافية | f-ua--- |
| 082 04 - رقم تصنيف ديوى العشرى | |
| رقم التصنيف | 378.34096203 |
| رقم المادة | ق ا س |
| رقم الطبعة | 22 |
| 100 1# - المدخل الرئيسى - إسم شخصى | |
| الإسم الشخصى | قاسم، عبد الحكيم عبد الغني. |
| 245 10 - بيان العنوان | |
| العنوان | تاريخ البعثات المصرية إلى أوروبا : |
| بقية العنوان | عصر محمد علي / |
| بيان المسئوليه,etc | عبد الحكيم عبد الغني قاسم. |
| 246 34 - العنوان الموازى | |
| عنوان صحيح/عنوان مختصر | تاريخ البعثات المصرية إلى أوروبا في عصر محمد علي |
| 250 ## - بيان الطبعة | |
| بيان الطبعة | ط. 1. |
| 260 ## - PUBLICATION, DISTRIBUTION, ETC. (IMPRINT) | |
| مكان الناشر او الموزع | القاهرة : |
| اسم الناشر او الموزع | مكتبة مدبولي، |
| تاريخ النشر أو التوزيع | 2010. |
| 300 ## - الوصف المادى | |
| التعداد | 742 ص. : |
| تفاصيل ماديه اخرى للوعاء | خرائط، صور ؛ |
| أبعاد الوعاء | 24 سم. |
| 490 0# - بيان السلسلة | |
| عنوان السلسلة | صفحات من تاريخ مصر ؛ |
| رقم المجلد/ التعيين التسلسلي | 58 |
| 504 ## - تبصرة ببليوجرافية | |
| تبصرة ببليوجرافية,الخ | يشتمل على إرجاعات ببليوجرافية. |
| 650 #7 - المدخل الاضافى بالموضوع-مصطلح موضوعى | |
| مصطلح موضوعي أو اسم جغرافي كعنصر مدخل | المنح الدراسية |
| التقسيم الفرعي الجغرافي | مصر |
| التقسيم الفرعي العام | تاريخ |
| التقسيم الفرعي الزمني | محمد علي، 1805-1849. |
| مصدر الرأس أو المصطلح | BUEsh |
| 651 ## - المدخل الاضافى بالموضوع - اسم جغرافى | |
| مصدر الرأس أو المصطلح | BUEsh |
| 653 ## - مصطلح تكشيفى غير مقيد | |
| Resource For college | Generalities |
| Arrived date list | July2017 |
| 942 ## - عناصر المدخل الإضافي( كوها) | |
| مصدر التصنيف او مخطط الترفيف | Dewey Decimal Classification |
| حالة التراجع | حالة الفقد | مصدر التصنيف او خطة الترفيف | حالة تلف | ليس للاعارة | مجموعات كوها | المكان الدائم | المكان الحالي | موقع الترفيف | تاريخ الاكتساب | Source of acquisition | سعر الشراء الطبيعي | رقم الاستدعاء | الباركود | Date last seen | مُعار | نوع الوعاء | تعداد مسلسل / التسلسل الزمني |
|---|---|---|---|---|---|---|---|---|---|---|---|---|---|---|---|---|---|
| Dewey Decimal Classification | Madboly | Central Library | Central Library | First floor | 15/08/2010 | Purchase | 120.00 | 378.34096203 ق ا س | 000021508 | 15/07/2025 | 16/08/2010 | Book - Borrowing | |||||
| Dewey Decimal Classification | Madboly | Central Library | Central Library | First floor | 09/07/2017 | Purchase | 378.34096203 ق ا س | 000046178 | 15/07/2025 | Book - Borrowing | 04183 |